书目信息 |
| 题名: |
概率统计与SPSS应用
|
|
| 作者: | 于义良 , 罗蕴玲 , 安建业 编著 | |
| 分册: | ||
| 出版信息: | 西安 西安交通大学出版社 2009.08 |
|
| 页数: | 240页 | |
| 开本: | 24cm | |
| 丛书名: | ||
| 单 册: | ||
| 中图分类: | O21 | |
| 科图分类: | ||
| 主题词: | 概率论--gai lu lun--统计--分析--软件包 , 数量统计--shu liang tong ji--统计--分析--软件包 | |
| 电子资源: | ||
| ISBN: | 978-7-5605-3172-4 | |
| 000 | 01062nam0 2200277 450 | |
| 001 | 012010007484 | |
| 005 | 20100601083748.10 | |
| 010 | @a978-7-5605-3172-4@dCNY25.00 | |
| 100 | @a20100601d2009 em y0chiy0120 ea | |
| 101 | 0 | @achi |
| 102 | @aCN@b610000 | |
| 105 | @aak z 000yy | |
| 106 | @ar | |
| 200 | 1 | @a概率统计与SPSS应用@Agai lu tong ji yu SPSS ying yong@f于义良, 罗蕴玲, 安建业编著@Fyu yi liang,luo yun ling,an jian ye bian zhu |
| 210 | @a西安@c西安交通大学出版社@d2009.08 | |
| 215 | @a240页@c图@d24cm | |
| 300 | @a“十一五”规划教材 教育部高等理工教育数学基础课程 教学改革与实践项目 | |
| 330 | @a本书分为8章,内容包括随机事件及其概论、随机变量及其分布、随机向量及其分布、随机变量的数字特征;统计估值、统计检验等等。 | |
| 606 | 0 | @a概率论@Agai lu lun@x统计@x分析@x软件包 |
| 606 | 0 | @a数量统计@Ashu liang tong ji@x统计@x分析@x软件包 |
| 690 | @aO21@v4 | |
| 701 | 0 | @a于义良@Ayu yi liang@4编著 |
| 701 | 0 | @a罗蕴玲@Aluo yun ling@4编著 |
| 701 | 0 | @a安建业@Aan jian ye@4编著 |
| 801 | 0 | @aCN@bQSSK@c20100601 |
| 905 | @b779965-67@dO21@eY731@f3 | |
| 概率统计与SPSS应用/于义良, 罗蕴玲, 安建业编著.-西安:西安交通大学出版社,2009.08 |
| 240页:图;24cm |
| “十一五”规划教材 教育部高等理工教育数学基础课程 教学改革与实践项目 |
| ISBN 978-7-5605-3172-4:CNY25.00 |
| 本书分为8章,内容包括随机事件及其概论、随机变量及其分布、随机向量及其分布、随机变量的数字特征;统计估值、统计检验等等。 |
| ● |
| 相关链接 |
|
|
|
正题名:概率统计与SPSS应用
索取号:O21/Y731
 
预约/预借
| 序号 | 登录号 | 条形码 | 馆藏地/架位号 | 状态 | 备注 |
| 1 | 779965 | 207799658 | 自科库401/401自科库 46排7列5层/ [索取号:O21/Y731] | 在馆 | |
| 2 | 779966 | 207799667 | 自科库401/401自科库 46排7列5层/ [索取号:O21/Y731] | 在馆 | |
| 3 | 779967 | 207799676 | 自科库401/401自科库 46排7列5层/ [索取号:O21/Y731] | 在馆 |